[Event "Floripa Chess Open 2024"]
[Site "Florianopolis"]
[Date "2024.01.22"]
[Round "3.144"]
[White "De Oliveira, Lucas Silva"]
[Black "Machado, Gilmar Dias"]
[Result "1-0"]
[WhiteElo "1800"]
[BlackElo "1764"]
[PlyCount "79"]
[EventDate "2024.01.20"]
[EventRounds "10"]
[EventCountry "BRA"]

1. c4 Nf6 2. Nc3 d5 3. cxd5 Nxd5 4. Nf3 c5 5. g3 Nc6 6. Bg2 g6 7. O-O Bg7 8. a4
$146 ({RR} 8. d4 cxd4 9. Nxd4 Nxd4 10. Nxd5 O-O 11. e3 Nc6 12. Qb3 e6 13. Nc3
Qe7 14. Rd1 Rd8 15. Bd2 Bd7 16. Nb5 Be8 17. Be1 Rxd1 18. Rxd1 Rd8 19. Rxd8 Qxd8
20. Bc3 Na5 21. Qb4 Qd1+ 22. Bf1 Nc6 {Conen,F-Groenegress,W Rheda 1956 1-0 (34)
}) ({RR} 8. d4 Nxc3 9. bxc3 cxd4 10. cxd4 Nxd4 11. Nxd4 Qxd4 12. Rb1 O-O 13.
Be3 Qc4 14. Bd5 Qa6 15. Qb3 Bf6 16. Bh6 Bg7 17. Be3 Bf6 18. Bh6 Bg7 19. Bf4 Be6
20. Bxe6 fxe6 21. Qxb7 Qxe2 22. Qxe7 Rae8 {Mamedyarov,S (2765)-Grischuk,A  
(2773) Terme Catez SLO 2021 1/2-1/2 (31)}) ({RR} 8. a3 O-O 9. e4 Nxc3 10. dxc3
b6 11. Qe2 e6 12. Bg5 f6 13. Rad1 Qe7 14. Be3 Bb7 15. b4 cxb4 16. cxb4 Rfd8 17.
Qc4 Rac8 18. Qb3 Kh8 19. Bh3 Rxd1 20. Rxd1 Nd8 21. Nd4 Bxe4 22. Nxe6 Nxe6 {
Bartos,V (2019)-Policar,M (1561) Ceske Budejovice CZE 2023 1-0 (51)}) ({RR} 8.
Ne4 c4 9. Rb1 O-O 10. e3 f5 11. Nc5 e5 12. h4 e4 13. Ng5 Qd6 14. Na4 h6 15. Nh3
Be6 16. Nf4 Nxf4 17. exf4 Rfd8 18. a3 Nd4 19. Re1 Rac8 20. Nc3 a5 21. a4 Nb3
22. Re2 Qd3 {Sayder,H-Wott,H Berlin West 1978 0-1 (38)}) 8... Ndb4 9. e3 Nd3
10. Qe2 Be6 11. Qd1 Qb6 12. Ra3 Rd8 13. a5 Qc7 14. Ng5 Bc4 15. a6 Bxa6 16. Rxa6
bxa6 17. Qa4 Ndb4 18. Nce4 Qa5 19. Nf6+ Bxf6 20. Bxc6+ Nxc6 21. Qxc6+ Kf8 22.
Ne4 Qb6 23. Qxc5 Kg7 24. d4 Rc8 25. Qa3 Rhd8 26. g4 Qe6 27. f3 Bh4 28. Nc5 Qd6
29. Bd2 Qb6 30. Ba5 Qb5 31. Bxd8 Rxd8 32. Nxa6 e5 33. Nc7 Qe2 34. Qc3 exd4 35.
exd4 Bf6 36. Rf2 Qe7 37. Nb5 Qe8 38. Kg2 a6 39. Na3 Bxd4 40. Qd3 1-0

[Event "Floripa Chess Open 2024"]
[Site "Florianopolis"]
[Date "2024.01.22"]
[Round "3.146"]
[White "Ribeiro Carrico, Victor Hugo"]
[Black "Coutinho, Lucas Buss Soares"]
[Result "0-1"]
[WhiteElo "1746"]
[BlackElo "1233"]
[PlyCount "76"]
[EventDate "2024.01.20"]
[EventRounds "10"]
[EventCountry "BRA"]

1. e4 e6 2. d4 d5 3. Nc3 Nf6 4. Bg5 Be7 5. e5 Nfd7 6. h4 Bxg5 7. hxg5 Qxg5 8.
Nh3 Qe7 9. Qg4 g6 10. O-O-O ({RR} 10. Ng5 h6 11. Bd3 Nc6 12. O-O-O Nf8 13. Nf3
Bd7 14. Rh2 O-O-O 15. Rdh1 h5 16. Qf4 Rg8 17. Ng5 Be8 18. Bb5 Nxd4 19. Qxd4
Qxg5+ 20. f4 Qh6 21. Bxe8 Rxe8 22. g4 Nd7 23. gxh5 g5 24. Qxa7 gxf4 {Bartel,M 
(2434)-Ulybin,M (2580) Bydgoszcz 2001 0-1}) 10... a6 11. f4 ({RR} 11. Ng5 c5
12. Nxh7 Kd8 13. dxc5 Nc6 14. Qf4 Nf8 15. Nxd5 exd5 16. Rxd5+ Bd7 17. Nxf8 Rxh1
18. Rxd7+ Qxd7 19. Nxd7 Rxf1+ 20. Kd2 Ke7 21. Ke2 Ra1 22. Nb6 Rd8 23. Qf6+ Kf8
24. c3 Re8 25. Qh8+ Ke7 {German,S (2365)-Golubenko,V (2209) chess.com INT 2021
1-0 (43)}) 11... Nc6 12. Ng5 h5 $146 ({RR} 12... Nf8 13. Rh6 Bd7 14. Qh3 O-O-O
15. g4 f6 16. Nf3 Qf7 17. exf6 Qxf6 18. Qg3 Qg7 19. g5 Ne7 20. Bd3 Ng8 21. Rh2
h6 22. gxh6 Rxh6 23. Ne5 Rxh2 24. Qxh2 Ne7 25. Rg1 Qf6 26. Qh6 Be8 27. Ne2 {
Dietzsch,H (2212)-Leuranguer,Y (2233) Deidesheim 2000 0-1 (55)}) ({RR} 12... h6
13. Rh4 Nb6 14. Qh3 Qf8 15. Be2 Bd7 16. Nf3 h5 17. g4 hxg4 18. Qxg4 O-O-O 19.
Rdh1 Rxh4 20. Qxh4 Be8 21. Nd1 Ne7 22. Qf6 Nd7 23. Qh8 Qxh8 24. Rxh8 Nf5 25. c3
c5 26. Kd2 cxd4 27. cxd4 {Repina,V (2196)-Paulauskaite,G (2015) Sibenik 2007
0-1 (52)}) 13. Qg3 Nb6 14. Bd3 Bd7 15. Nxf7 Kxf7 16. Bxg6+ Kf8 17. Bxh5 Qg7 18.
Qf3 Ke7 19. Kb1 Raf8 20. g4 Kd8 21. g5 Ne7 22. Ne2 Nf5 23. Bg4 Rxh1 24. Rxh1
Nc8 25. Bxf5 Rxf5 26. Ng3 Rf8 27. Qg4 Ne7 28. b3 Qf7 29. Nh5 Rh8 30. Rh3 Qf5
31. Qf3 Be8 32. Rh2 Rxh5 33. Rxh5 Bxh5 34. Qxh5 Qg6 35. Qh8+ Kd7 36. Qa8 Kc6
37. a4 Nf5 38. c3 Nxd4+ 0-1

[Event "Floripa Chess Open 2024"]
[Site "Florianopolis"]
[Date "2024.01.22"]
[Round "3.147"]
[White "Goncalves, Richard Gabriel Sim"]
[Black "Gomes, Maria Eduarda Papin"]
[Result "0-1"]
[WhiteElo "1800"]
[BlackElo "1744"]
[PlyCount "119"]
[EventDate "2024.01.20"]
[EventRounds "10"]
[EventCountry "BRA"]

1. d4 d5 2. Nf3 e6 3. e3 c5 4. b3 Nc6 5. Bb2 Nf6 6. Nbd2 Bd6 7. a3 O-O 8. Bd3
cxd4 9. exd4 Re8 ({RR} 9... Nd7 10. O-O Re8 11. Re1 b6 12. c4 Bb7 13. cxd5 exd5
14. Rxe8+ Qxe8 15. Qc2 Nf6 16. Re1 Qf8 17. b4 a5 18. b5 Ne7 19. Ne5 Ng6 20. g3
Re8 21. Qb3 Re7 22. Re2 Qe8 23. f4 Nd7 24. Qd1 {Markowski,T (2558)-Socko,B  
(2651) Chorzow 2013 1/2-1/2 (41)}) 10. Ne5 Qc7 11. f4 Qb6 $146 ({RR} 11... h6
12. Qe2 Nd7 13. O-O Nf8 14. Qh5 Qe7 15. c4 dxc4 16. Ndxc4 Bc7 17. Rae1 Bd7 18.
Re3 Nxe5 19. fxe5 Bc6 20. Rg3 Kh8 21. Rxf7 {1-0 (21) Vantika,A (2286)-Yu,J  
(2316) chess.com INT 2021}) ({RR} 11... Bxe5 12. fxe5 Nd7 13. O-O h6 14. Qh5
Nf8 15. Rf3 Nd8 16. Raf1 Re7 17. Rg3 Ng6 18. Bxg6 fxg6 19. Qxg6 b6 20. Rh3 Rf7
21. Nf3 Kf8 22. a4 Ba6 23. Rc1 Rc8 24. Ba3+ Ke8 25. Bd6 Qc3 26. Qg4 {Sanasi,M 
(1582)-Kubitza,K (1443) Verden 2015 0-1 (31)}) 12. Ndf3 h6 13. c4 dxc4 14. Nxc4
Qc7 15. Nxd6 Qxd6 16. Ne5 Rd8 17. Bc2 Nxd4 18. Bxd4 Qxd4 19. Qxd4 Rxd4 20. Rd1
Rxd1+ 21. Bxd1 Nd5 22. O-O b6 23. Bf3 Bb7 24. Rd1 g6 25. Ng4 Kg7 26. g3 Rc8 27.
Bxd5 Bxd5 28. Rd3 Rc1+ 29. Kf2 Rc2+ 30. Kg1 Rb2 31. b4 Rg2+ 32. Kf1 Ra2 33. Kg1
h5 34. Ne3 Be4 35. Rc3 Kf6 36. Rc4 Bd3 37. Rc3 Bb5 38. h4 Rd2 39. Ng2 Rd3 40.
Rxd3 Bxd3 41. Kf2 Be4 42. Ne3 Ke7 43. Ke2 Kd7 44. Nc4 f6 45. Ke3 Bd5 46. Nb2 e5
47. Nd1 Ke6 48. Nc3 Bc6 49. Nd1 Kd5 50. Nb2 e4 51. a4 a6 52. a5 b5 53. Nd1 Kc4
54. Kd2 Kxb4 55. Kc2 Kxa5 56. Ne3 Kb4 57. g4 hxg4 58. f5 Be8 59. Nd5+ Kc4 60.
Nxf6 0-1

[Event "Floripa Chess Open 2024"]
[Site "Florianopolis"]
[Date "2024.01.22"]
[Round "3.148"]
[White "Lunelli, Neuri Antonio"]
[Black "Bandeira, Ricardo"]
[Result "1-0"]
[WhiteElo "1744"]
[BlackElo "1161"]
[PlyCount "95"]
[EventDate "2024.01.20"]
[EventRounds "10"]
[EventCountry "BRA"]

1. c4 Nf6 2. g3 g6 3. Bg2 Bg7 4. Nc3 O-O 5. e4 Nc6 6. Nge2 d6 7. O-O e6 ({RR} 
7... Nd7 8. f4 Nd4 9. Nxd4 Bxd4+ 10. Kh1 f5 11. exf5 gxf5 12. Ne2 Bg7 13. d4 c5
14. Be3 cxd4 15. Nxd4 Nc5 16. Qc2 Bd7 17. b4 Ne4 18. Bxe4 fxe4 19. Qxe4 e5 20.
fxe5 Rxf1+ 21. Rxf1 dxe5 22. Nf3 {Harikrishna,P (2568)-Khruschiov,A (2395)
Pardubice 2002 1/2-1/2 (47)}) ({RR} 7... Ng4 8. d3 f5 9. f3 Nf6 10. Rb1 a5 11.
a3 e5 12. f4 Ne7 13. d4 exd4 14. Qxd4 Nxe4 15. Qd1 Nf6 16. b4 axb4 17. axb4 c6
18. Bb2 Ng4 19. Qd3 Qb6+ 20. c5 dxc5 21. Qc4+ Kh8 22. bxc5 {Agrasot,A (1567)
-Reinaldo Dos Santos,J (1842) Florianopolis 2017 0-1 (31)}) 8. d4 e5 $146 ({RR
} 8... Nd7 9. Be3 Ne7 10. Qd2 f5 11. Bg5 Nf6 12. Rad1 Rb8 13. e5 Ne8 14. exd6
Nxd6 15. b3 a6 16. Rfe1 Nf7 17. Be3 Kh8 18. f4 b6 19. d5 exd5 20. Nxd5 c5 21.
b4 Nxd5 22. cxd5 Nd6 23. bxc5 {Fucak,E (2265)-La Mura,G Nova Gorica 1998 1-0  
(35)}) 9. d5 Ne7 10. h3 h6 11. Be3 Nd7 12. Qd2 Kh7 13. Kh2 f5 14. f4 exf4 15.
Nxf4 Ne5 16. b3 fxe4 17. Bxe4 Nf5 18. Rae1 Qf6 19. Nce2 Nxe3 20. Qxe3 Qg5 21.
Nd4 Rf6 22. Kg2 Bd7 23. Nde6 Bxe6 24. Nxe6 Qxe3 25. Rxe3 Rxf1 26. Kxf1 c6 27.
Re2 c5 28. Rf2 a5 29. h4 h5 30. Nf4 Kh6 31. Ne6 Kh7 32. Ng5+ Kh6 33. Bc2 Ng4
34. Re2 Be5 35. Kg2 Rf8 36. Be4 Bd4 37. Bf3 Ne3+ 38. Kh3 Nf5 39. Re6 Bf2 40.
Be4 Bd4 41. Bxf5 Rxf5 42. Rxd6 Rf2 43. Rd7 Bg7 44. Rxb7 Rxa2 45. Ne6 Bc3 46.
Nxc5 Rd2 47. Ne6 Bb4 48. Ng5 1-0

[Event "Floripa Chess Open 2024"]
[Site "Florianopolis"]
[Date "2024.01.22"]
[Round "3.149"]
[White "Predebon, Eduardo Angonesi"]
[Black "Telles, Arnoldo Beber"]
[Result "1-0"]
[WhiteElo "1742"]
[BlackElo "1116"]
[PlyCount "57"]
[EventDate "2024.01.20"]
[EventRounds "10"]
[EventCountry "BRA"]

1. e4 c5 2. Nf3 d6 3. d4 cxd4 4. Nxd4 Nf6 5. Nc3 a6 6. Be2 e5 7. Nb3 Be6 8. Be3
Nbd7 9. g4 Be7 $146 ({RR} 9... Nb6 10. g5 Nfd7 11. h4 Qc7 12. Qd2 Nc4 13. Bxc4
Bxc4 14. O-O-O b5 15. Nd5 Bxd5 16. exd5 Rc8 17. Kb1 Be7 18. f4 O-O 19. f5 Rfe8
20. g6 fxg6 21. fxg6 Bf6 22. gxh7+ Kh8 23. Bg5 e4 24. Bxf6 {Riff,S (2200)
-Olsson,L (2252) Fics Internet INT 2002 1-0 (53)}) ({RR} 9... Rc8 10. Bf3 h6
11. h4 Nb6 12. Qe2 Nc4 13. O-O-O Nxe3 14. fxe3 Rxc3 15. bxc3 Nd7 16. g5 hxg5
17. hxg5 Rxh1 18. Rxh1 Qxg5 19. c4 g6 20. Rd1 Bh6 21. Rxd6 Qxe3+ 22. Qxe3 Bxe3+
23. Kd1 Ke7 24. c5 {Karthikeyan,M (2627)-Niemann,H (2708) Sharjah UAE 2023 0-1
(39)}) ({RR} 9... Nc5 10. f3 Nxb3 11. axb3 d5 12. exd5 Nxd5 13. Bb5+ axb5 14.
Rxa8 Qxa8 15. Nxd5 Qa5+ 16. c3 Qd8 17. c4 bxc4 18. bxc4 Bxd5 19. Qxd5 Qxd5 20.
cxd5 Bb4+ 21. Ke2 Kd7 22. Kd3 Rc8 23. Rc1 Rxc1 24. Bxc1 {Lopez Silva,H (2345)
-Vargas Maliqueo,I (2207) Santiago de Chile 2008 1-0 (39)}) 10. g5 Ng8 11. Qd2
h6 12. gxh6 Nxh6 13. Rg1 Bf8 14. O-O-O Qh4 15. Bg5 Qxh2 16. Bf3 Ng4 17. Bxg4
Bxg4 18. Rxg4 f6 19. Be3 O-O-O 20. Nd5 Kb8 21. Qa5 Rc8 22. Nb6 Nxb6 23. Qxb6
Rc6 24. Qa7+ Kc8 25. Qa8+ Kc7 26. Na5 Kd7 27. Nxc6 Kxc6 28. Qc8+ Kb5 29. Rd5+
1-0

[Event "Floripa Chess Open 2024"]
[Site "Florianopolis"]
[Date "2024.01.22"]
[Round "3.150"]
[White "Moreira, Iloyziel Joao Da Si"]
[Black "Da Silva, Leonardo Douglas Si"]
[Result "1-0"]
[WhiteElo "1737"]
[BlackElo "1800"]
[PlyCount "57"]
[EventDate "2024.01.20"]
[EventRounds "10"]
[EventCountry "BRA"]

1. d4 d5 2. Bf4 Nf6 3. Nf3 e6 4. e3 Be7 5. Bd3 Nbd7 6. Nbd2 c5 7. c3 Nh5 8. Bg3
Nxg3 ({RR} 8... c4 9. Bc2 b5 10. e4 Bb7 11. e5 b4 12. O-O bxc3 13. bxc3 Bc6 14.
Qe2 Rb8 15. Rfb1 Nxg3 16. hxg3 O-O 17. g4 Qa5 18. Qe3 Rxb1+ 19. Nxb1 Rb8 20. a4
Qb6 21. Ra2 Qd8 22. Qc1 Rb7 23. g3 {Maghsoodloo,P (2698)-Xiong,J (2709) chess.
com INT 2021 0-1 (49)}) 9. hxg3 Nf6 ({RR} 9... cxd4 10. exd4 Qb6 11. Qc2 g6 12.
O-O-O a5 13. Kb1 Kf8 14. Rde1 a4 15. c4 Nf6 16. c5 Qa5 17. Ne5 Bd7 18. Bxg6
fxg6 19. Nxg6+ hxg6 20. Rxh8+ Kg7 21. Rxa8 Qxa8 22. Nf3 Qa5 23. Rh1 Ne4 24. Ne5
{Dubina,P (2107)-Nytra,O (2151) Czech Republic CZE 2023 0-1 (31)}) 10. Ne5 Bd7
$146 ({RR} 10... h6 11. f4 Qb6 12. b3 Nd7 13. Ndf3 Nxe5 14. Nxe5 Bf6 15. Qe2
Bxe5 16. fxe5 Bd7 17. O-O Rf8 18. Rac1 O-O-O 19. Qg4 g5 20. Rf6 Rh8 21. Rxf7
Qa5 22. Qe2 Kb8 23. Qf2 Qa3 24. Rf1 c4 25. bxc4 {Liedtke,R-Rexroth,W Frankfurt
2000 1/2-1/2 (31)}) ({RR} 10... c4 11. Bc2 Bd7 12. g4 g6 13. g5 Nh5 14. Rxh5
gxh5 15. Qxh5 Rf8 16. g6 hxg6 17. Bxg6 Bf6 18. Nxf7 Rxf7 19. Qh7 Ke7 20. Qxf7+
Kd6 21. e4 Be7 22. Qf4+ Kc6 23. e5 Bg5 24. Qg4 Qe7 25. f4 {Pardo Vaquero,I  
(1756)-Sierra Bermejo,G (1664) Madrid 2012 1-0 (38)}) 11. g4 g6 12. g5 Nh5 13.
Qf3 f5 14. Rxh5 O-O 15. Rh1 Bxg5 16. Qh3 Qe7 17. Nxg6 Qg7 18. Nxf8 Rxf8 19. f4
Be7 20. O-O-O cxd4 21. exd4 b5 22. g4 Kh8 23. Rdg1 Qf7 24. g5 Qg6 25. Qh6 Kg8
26. Nf3 Bd6 27. Ne5 Bxe5 28. dxe5 b4 29. Qxg6+ 1-0

[Event "Floripa Chess Open 2024"]
[Site "Florianopolis"]
[Date "2024.01.22"]
[Round "3.151"]
[White "Panazzolo, Paulo Victor"]
[Black "De Andrade, Alexandre Rodrigues"]
[Result "1-0"]
[WhiteElo "1730"]
[BlackElo "1800"]
[PlyCount "39"]
[EventDate "2024.01.20"]
[EventRounds "10"]
[EventCountry "BRA"]

1. e4 e5 2. Nf3 Nc6 3. d4 exd4 4. Bc4 Bb4+ 5. c3 Ba5 6. b4 Bb6 7. cxd4 Qe7 8.
O-O Qxb4 9. Qd3 Nge7 $146 ({RR} 9... Na5 10. Bd5 Nf6 11. a3 Qe7 12. Re1 O-O 13.
Bg5 h6 14. Bh4 g5 15. Nxg5 hxg5 16. Bxg5 d6 17. e5 dxe5 18. Qg6+ {1-0 (18)
Mirski,M (1918)-Grabarczyk,S (1722) Krakow 2012}) 10. Ba3 Qa5 11. d5 Nb4 12.
Qb3 Bc5 13. d6 Bxd6 14. Bxf7+ Kd8 15. e5 Bc5 16. e6 d6 17. Qc3 Nf5 18. g4 Nh6
19. Qxg7 Nxf7 20. Qf6+ 1-0

[Event "Floripa Chess Open 2024"]
[Site "Florianopolis"]
[Date "2024.01.22"]
[Round "3.152"]
[White "Nunes, Leonardo De Souza"]
[Black "Campora, Edgardo"]
[Result "1/2-1/2"]
[WhiteElo "1800"]
[BlackElo "1720"]
[PlyCount "65"]
[EventDate "2024.01.20"]
[EventRounds "10"]
[EventCountry "BRA"]

1. e4 Nf6 2. Nc3 d5 3. exd5 Nxd5 4. d4 Nxc3 5. bxc3 c5 ({RR} 5... e5 6. dxe5
Qxd1+ 7. Kxd1 Nc6 8. f4 Bg4+ 9. Nf3 f6 10. Bd3 O-O-O 11. Re1 Bc5 12. exf6 gxf6
13. Be3 Bxf3+ 14. gxf3 Bxe3 15. Rxe3 Rhg8 16. Kd2 Na5 17. Re6 Rg2+ 18. Ke3 Rxh2
19. Rg1 Rd6 20. Re7 {Koziak,V (2478)-Pesotsky,V (2282) Kiev 2010 1-0}) 6. Bd3
g6 $146 ({RR} 6... Nc6 7. Nf3 Bg4 8. Be3 cxd4 9. cxd4 Qa5+ 10. Bd2 Qh5 11. Be2
e6 12. h3 Bd6 13. c4 O-O 14. Bc3 Rfd8 15. Qd2 Rac8 16. O-O Bxh3 17. gxh3 Qxh3
18. Qg5 Bh2+ 19. Nxh2 Qxc3 20. Nf3 Nxd4 21. Nxd4 {Donatti,A (2193)-Boraso,A  
(2286) chess.com INT 2022 0-1 (61)}) ({RR} 6... Qa5 7. Bb2 Nc6 8. d5 Nd4 9. Qd2
Nb5 10. Nf3 g6 11. g4 Bh6 12. g5 Bg7 13. a4 Nd6 14. Bb5+ Kf8 15. O-O Bg4 16.
Nh4 Qb6 17. Rab1 h6 18. Qf4 Bh5 19. Nf3 Bxf3 20. Qxf3 hxg5 21. Bd3 {Czech,
T-Schneider,L (2400) Bexbach 1996 0-1 (37)}) 7. Be3 Bg7 8. Qd2 Qa5 9. Ne2 Nc6
10. Rd1 O-O 11. Bh6 cxd4 12. Bxg7 Kxg7 13. cxd4 Qxa2 14. h4 Qd5 15. h5 Qxg2 16.
Ng3 Nxd4 17. Qe3 Nf3+ 18. Ke2 Bg4 19. hxg6 Nh2+ 20. Kd2 fxg6 21. Rxh2 Qxh2 22.
Qd4+ Rf6 23. Qxg4 Qxf2+ 24. Kc1 Qe3+ 25. Rd2 Raf8 26. Nh5+ Kh8 27. Nxf6 exf6
28. Kd1 Qe5 29. Re2 Qa1+ 30. Kd2 Qa5+ 31. Kd1 Qa1+ 32. Kd2 Qa5+ 33. Kd1 1/2-1/2

[Event "Floripa Chess Open 2024"]
[Site "Florianopolis"]
[Date "2024.01.22"]
[Round "3.153"]
[White "Gorgen, Raphael Rebello Hor"]
[Black "Szuba, Joao Gabriel Muniz"]
[Result "0-1"]
[WhiteElo "1779"]
[BlackElo "1709"]
[PlyCount "62"]
[EventDate "2024.01.20"]
[EventRounds "10"]
[EventCountry "BRA"]

1. e4 c5 2. Nf3 e6 3. c3 Nf6 4. e5 Nd5 5. g3 d6 6. exd6 Bxd6 7. Bg2 O-O 8. O-O
Nc6 9. d4 cxd4 10. Nxd4 Bd7 11. c4 Nde7 12. Nc3 Nxd4 13. Qxd4 Bc6 14. Rd1 Bb4
15. Ne2 $146 ({RR} 15. Be3 Bxg2 16. Kxg2 Nf5 17. Qxd8 Nxe3+ 18. fxe3 Rfxd8 19.
Rxd8+ Rxd8 20. Rd1 Rxd1 21. Nxd1 Kf8 22. Nf2 a5 23. Nd3 Bd6 24. Kf3 Ke7 25. Ke4
f6 {1/2-1/2 (25) Atwell,R (2031)-Deng,H (2301) Sunnyvale USA 2023}) 15... Bxg2
16. Kxg2 Qc7 17. Qg4 Ng6 18. a3 Ne5 19. Qh5 Be7 20. b3 Bf6 21. Bb2 g6 22. Qh6
Qc6+ 23. Kh3 Qf3 24. Nd4 Qg4+ 25. Kg2 Qe4+ 26. Kh3 Nd3 27. Qd2 Nxb2 28. Qxb2
Rad8 29. f3 Bxd4 30. Qd2 Qf5+ 31. Kg2 Bxa1 0-1

[Event "Floripa Chess Open 2024"]
[Site "Florianopolis"]
[Date "2024.01.22"]
[Round "3.158"]
[White "Espindola, Carlos Marcelo"]
[Black "Rodrigues, Nei Jorge"]
[Result "0-1"]
[WhiteElo "1434"]
[BlackElo "1822"]
[PlyCount "48"]
[EventDate "2024.01.20"]
[EventRounds "10"]
[EventCountry "BRA"]

1. Nf3 d5 2. g3 Nd7 3. d4 g6 ({RR} 3... Nb6 4. Bg2 Bf5 5. O-O e6 6. Nbd2 c6 7.
c4 dxc4 8. e4 Bg6 9. Qe2 Nf6 10. Rd1 Bb4 11. Ne5 c3 12. bxc3 Bxc3 13. Rb1 O-O
14. Nb3 Qe7 15. Bg5 Qa3 16. Rd3 Na4 17. h4 c5 18. Bxf6 {Ding Liren (2791)
-Firouzja,A (2728) chess24.com INT 2020 1/2-1/2 (42)}) 4. Bg2 Bg7 5. O-O b6
$146 ({RR} 5... Ngf6 6. c4 dxc4 7. Na3 Nb6 8. Nxc4 Nxc4 9. Qa4+ c6 10. Qxc4 O-O
11. b3 Be6 12. Qb4 Qc7 13. Ng5 Bc8 14. Ba3 h6 15. Nf3 Re8 16. Rac1 Be6 17. Rfd1
Bd5 18. Bb2 a5 19. Qc5 a4 20. Ne5 {Kremer,L-Foltys,J Jurata 1937 1/2-1/2 (37)})
({RR} 5... Ngf6 6. c4 dxc4 7. Qc2 Nb6 8. e4 O-O 9. h3 e5 10. dxe5 Nfd7 11. Rd1
Qe7 12. a4 a5 13. Bg5 Qb4 14. Bd2 Qb3 15. Qc1 Nxe5 16. Nxe5 Bxe5 17. Nc3 Be6
18. f4 Bd4+ 19. Kh2 Rad8 20. f5 {Balint,V (2296)-Csiki,E (2320) Budapest HUN
2022 0-1}) ({RR} 5... c6 6. c4 e6 7. cxd5 exd5 8. Nc3 f5 9. Ng5 Ndf6 10. f3 h6
11. Nh3 Ne7 12. Be3 O-O 13. Qd2 g5 14. Kh1 Bd7 15. Bg1 Qc8 16. Nf2 Qc7 17. e4
fxe4 18. fxe4 dxe4 19. Ncxe4 Rad8 20. Nxf6+ {Karpov,A (2023)-Bogachev,A (2053)
Novokuznetsk 2012 1/2-1/2 (60)}) 6. c4 c6 7. cxd5 cxd5 8. Nc3 Bb7 9. Bf4 a6 10.
Rc1 Rc8 11. Qd2 Ngf6 12. Bh6 O-O 13. Bxg7 Kxg7 14. Rc2 b5 15. a3 Nb6 16. b3 Qd6
17. Rfc1 Qxa3 18. Rb1 Qd6 19. Rbc1 Qb4 20. Ne5 Qxb3 21. Rb2 Qa3 22. Ra2 Qd6 23.
Rac2 Nc4 24. Nxc4 Rxc4 0-1

[Event "Floripa Chess Open 2024"]
[Site "Florianopolis"]
[Date "2024.01.22"]
[Round "3.159"]
[White "Lopes, Marcia Maria Dias"]
[Black "Orsini, Sarah De Oliveira"]
[Result "0-1"]
[WhiteElo "1297"]
[BlackElo "1685"]
[PlyCount "40"]
[EventDate "2024.01.20"]
[EventRounds "10"]
[EventCountry "BRA"]

1. d4 d5 2. Nf3 Nf6 3. Bf4 e6 4. e3 Bd6 5. Bg3 Ne4 6. Bxd6 Qxd6 7. Nbd2 Nxd2 8.
Qxd2 O-O ({RR} 8... Nd7 9. Bd3 e5 10. dxe5 Nxe5 11. Nxe5 Qxe5 12. c3 O-O 13.
O-O Bf5 14. Rfd1 Bxd3 15. Qxd3 c6 16. a4 Rfe8 17. a5 Qe4 18. Qd4 Qxd4 19. cxd4
Kf8 20. Ra4 Re7 21. Rd3 Rc8 22. g3 Rcc7 23. Kf1 {Livaic,L (2571)-Arencibia,A  
(2115) chess.com INT 2023 1-0 (55)}) 9. Bd3 Nd7 10. O-O $146 ({RR} 10. c4 dxc4
11. Bxc4 b6 12. O-O Bb7 13. Be2 Rfd8 14. Rfd1 c5 15. Rac1 Rac8 16. Qe1 cxd4 17.
Rxd4 Qe7 18. Rxc8 Rxc8 19. h3 g6 20. Qd1 Nf6 21. Ne5 Kg7 22. Bf3 Bxf3 23. Qxf3
Rc1+ 24. Rd1 Qc7 {Romanov,E (2619)-Paravyan,D (2528) Sochi 2016 1-0 (52)})
10... e5 11. dxe5 Nxe5 12. Nxe5 Qxe5 13. f4 Qxb2 14. a3 Bg4 15. Rfb1 Qf6 16.
Rxb7 Qxa1+ 17. Bf1 Rab8 18. Rxc7 Rb1 19. Qf2 h6 20. f5 Re8 0-1

[Event "Floripa Chess Open 2024"]
[Site "Florianopolis"]
[Date "2024.01.22"]
[Round "3.160"]
[White "Dos Santos, Douglas Asterio"]
[Black "Bueno, Marcos Antonio Ferr"]
[Result "0-1"]
[WhiteElo "1353"]
[BlackElo "1644"]
[PlyCount "40"]
[EventDate "2024.01.20"]
[EventRounds "10"]
[EventCountry "BRA"]

1. d4 Nf6 2. g3 g6 3. Bg2 Bg7 4. Nf3 O-O 5. O-O d5 6. c4 c6 7. Qc2 ({RR} 7.
cxd5) 7... Bf5 8. Qb3 Qb6 9. Nbd2 ({RR} 9. c5 Qxb3 10. axb3 Na6 11. Nc3 Nb4 12.
Bf4 a6 13. Nh4 Bc2 14. Ra3 h6 15. Nf3 g5 16. Be5 Ne4 17. Bxg7 Kxg7 18. Rc1 Nf6
19. Ne5 Bf5 20. Ra4 a5 21. Rca1 Nc2 22. R1a2 Nb4 23. Ra1 Bc2 {Yan,B (2111)
-D'Arruda,R (2271) chess.com INT 2023 0-1 (63)}) 9... dxc4 $146 ({RR} 9... Ne4
10. cxd5 Qxb3 11. Nxb3 cxd5 12. Bf4 Nc6 13. Rac1 Rac8 14. a3 b6 15. Rfd1 Rfd8
16. Ne1 h5 17. Be3 Be6 18. Nd3 Nd6 19. Nf4 Nc4 20. Nxe6 fxe6 21. Bh3 Kf7 22.
Rc2 Nxe3 23. fxe3 Na5 24. Rf1+ {Sonis,F (2477)-Agmanov,Z (2413) Europe-Echecs
INT 2021 0-1 (67)}) ({RR} 9... Nbd7 10. c5 Qc7 11. Nh4 Be4 12. Nxe4 Nxe4 13.
Bf4 e5 14. dxe5 Ndxc5 15. Qe3 Bxe5 16. Bxe5 Qxe5 17. f3 d4 18. Qh6 Qg5 19. Qxg5
Nxg5 20. Rac1 Nge6 21. f4 f5 22. Nf3 Rad8 23. Ne5 Nd7 24. Nd3 {Zaruski,J (1842)
-Ramirez,A (1541) Montevideo URU 2019 1/2-1/2 (55)}) 10. Qxc4 Be6 11. Qc2 Na6
12. Nc4 Qb5 13. b3 Nb4 14. Qc3 Nfd5 15. Qe1 Nc2 16. Qd2 Nxa1 17. Qb2 Nxb3 18.
axb3 Nb6 19. Nxb6 axb6 20. b4 Ra2 0-1

[Event "Floripa Chess Open 2024"]
[Site "Florianopolis"]
[Date "2024.01.22"]
[Round "3.161"]
[White "Ramazzotte, Maicon Zilli"]
[Black "Rafaelknunes, Rafael Klanfer Nune"]
[Result "1/2-1/2"]
[WhiteElo "1682"]
[BlackElo "1789"]
[PlyCount "96"]
[EventDate "2024.01.20"]
[EventRounds "10"]
[EventCountry "BRA"]

1. e4 c5 2. Nf3 d6 3. d4 cxd4 4. Nxd4 Nf6 5. Nc3 a6 6. a4 e5 7. Nb3 Be7 8. a5 (
{RR} 8. Bc4 O-O 9. O-O Nbd7 10. Be3 b6 11. Qd3 Bb7 12. Rfd1 Qc7 13. Nd2 Nc5 14.
Bxc5 Qxc5 15. Bb3 Rac8 16. Nf1 Qb4 17. Ne3 g6 18. Ncd5 Bxd5 19. Bxd5 a5 20. c3
Qc5 21. Bb3 Kg7 22. Qe2 Qc6 {Matanovic,A (2495)-Ardiansyah,H (2395) Surakarta 
(Solo) 1982 1/2-1/2}) ({RR} 8. Bd3 d5 9. exd5 Nxd5 10. Nxd5 Qxd5 11. Bb5+ {
1-0 (11) Luz,C (1443)-De Quadros,C Lira Tênis Clube - Florianó 2022}) 8...
Be6 9. Be3 Nbd7 10. Bd3 $146 ({RR} 10. h3 O-O 11. Be2 Qc7 12. O-O Nc5 13. f3
Rfd8 14. Nxc5 dxc5 15. Qe1 h6 16. Na4 Nd7 17. Qf2 Rac8 18. Nc3 Nf6 19. f4 exf4
20. Bxf4 Bd6 21. Bxd6 Qxd6 22. Rfd1 Qe5 23. Bf3 Rd4 24. Qe1 Rcd8 {Ng,
K-Wyczling,B (1616) Prague 2012 0-1 (43)}) 10... Ng4 11. Bd2 Ngf6 12. O-O Bxb3
13. cxb3 Nc5 14. Bc2 O-O 15. b4 Ne6 16. Be3 Qc7 17. Bb6 Qc8 18. Rc1 Nf4 19. Bb3
Qg4 20. Qxg4 Nxg4 21. f3 Nf6 22. Rfd1 Rac8 23. g3 Rxc3 24. Rxc3 Ne2+ 25. Kf2
Nxc3 26. bxc3 Rc8 27. Rd3 g5 28. g4 Kg7 29. c4 Kg6 30. Be3 h6 31. h3 Kg7 32.
Rc3 d5 33. exd5 Nxd5 34. Rd3 Nxe3 35. Kxe3 Bxb4 36. Rd7 Bxa5 37. Rxb7 Rc7 38.
Rb8 Bc3 39. Kd3 Bd4 40. Ke4 Rd7 41. Ra8 Rb7 42. Bc2 Rb2 43. Bd3 Ra2 44. Kd5
Ra5+ 45. Kd6 Ra3 46. Be4 Ra5 47. Bd3 h5 48. gxh5 f6 1/2-1/2